|
|
|
|
| LEADER |
00988nam a22002177a 4500 |
| 001 |
38143 |
| 003 |
BD-DhAAL |
| 008 |
220327t2019 bg a|||| |||| 00| 0 ben d |
| 999 |
|
|
|c 43888
|d 43888
|
| 020 |
|
|
|a 9789849393481
|
| 040 |
|
|
|a BD-DhAAL
|
| 041 |
|
|
|a ben
|
| 082 |
|
|
|a 331.4095492
|
| 245 |
|
|
|a যখন পড়বে না মোর পায়ের চিহ্ন :
|b অধ্যাপিকা জওশন আরা স্মারকগ্রন্থ
|
| 260 |
|
|
|a ঢাকা :
|b আমর প্রকাশনী,
|c ২০১৯.
|
| 300 |
|
|
|a ১৪০ পৃষ্ঠা :
|b চিত্র ;
|c ২২ সে.মি.
|
| 541 |
|
|
|a Donated By Akbar Ali Khan
|e 38143
|
| 650 |
|
|
|a Women social workers
|z Bangladesh.
|9 47437
|
| 852 |
|
|
|a Ayesha Abed Library
|c Akbar Ali Khan Collection
|
| 942 |
|
|
|2 ddc
|c BK
|
| 952 |
|
|
|0 0
|1 0
|2 ddc
|4 0
|6 331_409549200000000_JAK
|7 1
|9 70283
|a BRACUL
|b BRACUL
|c AAKC
|d 2022-03-27
|e Donated by Akbar Ali Khan
|l 0
|o 331.4095492 JAK
|p 3010038143
|r 2022-03-27
|t 1
|w 2022-03-27
|y BK
|